| 000 | 00619nam a2200253Ia 4500 | ||
|---|---|---|---|
| 003 | OSt | ||
| 005 | 20221005132129.0 | ||
| 006 | a|||||r|||| 00| 0 | ||
| 007 | ta | ||
| 008 | 221004b |||||||| |||| 00| 0 tam d | ||
| 020 | _c4.50 | ||
| 024 | _a46612 | ||
| 037 | _cTextual | ||
| 040 |
_aCRL _cCRL _btam |
||
| 041 |
_2tam _atam |
||
| 082 | _aO31,3:g, K8 | ||
| 100 |
_aKailasapathy Au. _9638636 |
||
| 245 | 0 | _aThamil naval Ilakkiyam | |
| 260 | _c1968 | ||
| 300 |
_a284p. _ccm. |
||
| 650 | _aTAMIL LITERATURE | ||
| 942 |
_hO31,3:g, K8 _cTEXL _2cc |
||
| 999 |
_c1062517 _d1062517 |
||